000 00759nam a22001817a 4500
999 _c371702
_d371702
008 201127b ||||| |||| 00| 0 eng d
040 _aDE-2950
_bger
_cDE-2950
_erda
041 _ager
245 _aPläne für Solarpark in Lossow.
_bGrüner Strom: Die Energiekontor AG sieht auf 94 Hektar Freifläche Potenzial zum Bau von Photovoltaikanlagen. Stadt, Ortsteil und Bürger sollen profitieren /
_cThomas Gutke
264 _c2022
653 _aFrankfurt (Oder) <Ortsteil Lossow>
653 _aPhotovoltaikanlage
773 _dFrankfurt (Oder) Märkisches Verlags- und Druckhaus GmbH & Co KG
_tMärkische Oderzeitung
_g33. Jahrgang (2022) Nr. 144 vom 23.06.2022, S. 13
942 _cA